Revista de investigación geográfica (Registro nro. 17243)

Detalles MARC
000 -CABECERA
Campo de control 00297as aa2200097a 44500
090 ## - CLASIFICACIÓN LOCAL
Colección SERIADAS
Consecutivo 01478
041 0# - IDIOMA
Código de idioma para texto/pista de sonido o título separado
245 10 - MENCION DE TITULO
Título Revista de investigación geográfica
260 ## - PUBLICACION, DISTRIBUCION, ETC. (PIE DE IMPRENTA)
Nombre del editor, distribuidor, etc. Universidad de Nariño. Facultad de Ciencias Humanas. Departamento de Geografía
Lugar de publicación, distribución, etc. Colombia
942 ## - ELEMENTOS ADICIONALES (KOHA)
Tipo de ítem Periodica o revista
Existencias
Withdrawn status Lost status Damaged status No para préstamo Colección Fecha publicación (Año) Volumen revista Número revista Inventariado Ubicación Permanente Ubicación actual Fecha de adquisición Fuente de Valor Total Checkouts Número topográfico Inventario / Código de Barras Date last seen Ejemplar Price effective from Forma de adquisición Tipo de material
        Hemeroteca 2003 5 4 Inventariado 2017 Villa de Leyva Villa de Leyva 30/06/2004 Universidad de Nariño   SERIADAS 01478 016227 25/03/2015 1 25/03/2015   Periodica o revista